[Event "Olympiad Women-33"]
[Site "Elista"]
[Date "1998.09.30"]
[Round "2"]
[White "Paasikangas Tella, Johanna"]
[Black "Alieva, Elmira"]
[Result "1-0"]
[WhiteElo "2265"]
[BlackElo "2155"]
[PlyCount "107"]
[EventDate "1998.09.29"]
[EventType "team-swiss"]
[EventRounds "13"]
[EventCountry "RUS"]
[SourceTitle "CBM 066 Extra"]
[Source "ChessBase"]
[SourceDate "1998.11.06"]
[SourceVersion "1"]
[SourceVersionDate "1998.11.06"]
[SourceQuality "1"]

1. d4 d6 2. c4 g6 3. Nc3 f5 4. g3 Bg7 5. Bg2 Nf6 6. Nf3 0-0 7. 0-0 Qe8 8. Qc2 c6 9. b3 Na6 10. Bb2 h6 11. a3 Qf7 12. Rad1 Bd7 13. Rfe1 Rae8 14. Rd2 Kh7 15. Nh4 Nc7 16. e4 fxe4 17. Nxe4 Bf5 18. Nxf5 gxf5 19. Nxf6+ Qxf6 20. f4 e6 21. b4 Qd8 22. Rde2 Qd7 23. a4 a6 24. b5 axb5 25. cxb5 Nd5 26. Qb3 cxb5 27. axb5 Qf7 28. b6 Bf6 29. Kf1 h5 30. Qd3 Kg6 31. Ba3 Nxb6 32. Bxd6 Rh8 33. Rb1 Nd5 34. Reb2 Qd7 35. Be5 b6 36. Kf2 Ra8 37. Bxf6 Kxf6 38. Qe2 Rhd8 39. Qe5+ Kg6 40. Re1 Ra4 41. Qxe6+ Qxe6 42. Rxe6+ Kf7 43. Re5 Nb4 44. Rxf5+ Ke6 45. Re5+ Kf6 46. Rd2 Ra3 47. Be4 h4 48. g4 Rc8 49. Rb5 Na2 50. Rxb6+ Kg7 51. Rb7+ Kf8 52. g5 Re8 53. Bc6 Ree3 54. Rxa2 1-0

[Event "Simferopol/Alushta (Women)"]
[Site "Alushta"]
[Date "1992.??.??"]
[Round "?"]
[White "Alieva, Elmira"]
[Black "Borsuk, Angela"]
[Result "1/2-1/2"]
[WhiteElo "2160"]
[BlackElo "2195"]
[PlyCount "72"]
[EventDate "1992.??.??"]
[EventType "tourn"]
[EventRounds "13"]
[EventCountry "UKR"]
[SourceTitle "EXT 1997"]
[Source "ChessBase"]
[SourceDate "1996.11.15"]
[SourceVersion "1"]
[SourceVersionDate "1996.11.15"]
[SourceQuality "1"]

1. d4 d6 2. c4 e5 3. Nf3 e4 4. Nfd2 f5 5. e3 Nf6 6. Nc3 c6 7. Be2 Be7 8. 0-0 0-0 9. f4 d5 10. a3 Be6 11. b4 Ng4 12. Bxg4 fxg4 13. cxd5 cxd5 14. Qb3 Nc6 15. Ndxe4 Bf7 16. Nf2 h5 17. Nd3 Bf6 18. Bd2 Rc8 19. Ne5 Nxe5 20. fxe5 Bg5 21. Rf2 Qd7 22. Raf1 h4 23. Rf5 Bh6 24. Qa4 Qe7 25. Qd1 Be6 26. Rxf8+ Rxf8 27. Rxf8+ Qxf8 28. Qe1 h3 29. e4 Bxd2 30. Qxd2 hxg2 31. Qxg2 Qf4 32. Nxd5 Bxd5 33. exd5 Qxd4+ 34. Qf2 Qd1+ 35. Qf1 Qd4+ 36. Qf2 Qd1+ 1/2-1/2

[Event "Simferopol/Alushta (Women)"]
[Site "Alushta"]
[Date "1992.??.??"]
[Round "?"]
[White "Alieva, Elmira"]
[Black "Velikhanli, Firuza"]
[Result "1/2-1/2"]
[WhiteElo "2160"]
[BlackElo "2230"]
[PlyCount "26"]
[EventDate "1992.??.??"]
[EventType "tourn"]
[EventRounds "13"]
[EventCountry "UKR"]
[SourceTitle "EXT 1997"]
[Source "ChessBase"]
[SourceDate "1996.11.15"]
[SourceVersion "1"]
[SourceVersionDate "1996.11.15"]
[SourceQuality "1"]

1. Nf3 d5 2. g3 Nf6 3. Bg2 h6 4. 0-0 Bf5 5. d3 e6 6. Nbd2 Be7 7. c4 c6 8. b3 0-0 9. Bb2 Nbd7 10. a3 a5 11. Re1 Bh7 12. Nf1 Qc7 13. h3 Rfd8 1/2-1/2

[Event "Simferopol/Alushta (Women)"]
[Site "Alushta"]
[Date "1992.??.??"]
[Round "?"]
[White "Alieva, Elmira"]
[Black "Zaiatz, Elena"]
[Result "0-1"]
[WhiteElo "2160"]
[BlackElo "2350"]
[PlyCount "50"]
[EventDate "1992.??.??"]
[EventType "tourn"]
[EventRounds "13"]
[EventCountry "UKR"]
[SourceTitle "EXT 1997"]
[Source "ChessBase"]
[SourceDate "1996.11.15"]
[SourceVersion "1"]
[SourceVersionDate "1996.11.15"]
[SourceQuality "1"]

1. d4 Nf6 2. Nf3 d5 3. c4 e6 4. Nc3 Bb4 5. e3 Nc6 6. Be2 0-0 7. 0-0 dxc4 8. Bxc4 a6 9. Bd3 Bd6 10. Ne4 Nxe4 11. Bxe4 Bd7 12. a3 Qe7 13. Ne5 Nxe5 14. dxe5 Bxe5 15. Bxb7 Rad8 16. Qh5 Qd6 17. a4 g6 18. Qh4 f5 19. Ra3 Rb8 20. Bf3 Rb4 21. e4 fxe4 22. Rd1 exf3 23. Rxd6 Rxh4 24. Rxd7 Bxh2+ 25. Kf1 Bd6 0-1